La integración de las tecnologías digitales en las escuelas de América Latina y el Caribe (Registro nro. 1680)

Detalles MARC
000 -LEADER
fixed length control field 01377 a2200241 4500
001 - CONTROL NUMBER
control field 28249
005 - DATE AND TIME OF LATEST TRANSACTION
control field 20260407155554.0
008 - FIXED-LENGTH DATA ELEMENTS--GENERAL INFORMATION
fixed length control field 260407a2014 arg spa d
003 - CONTROL NUMBER IDENTIFIER
control field AR-UNSa-BCEJYS
040 ## - CATALOGING SOURCE
Original cataloging agency AR-UNSa-BCEJYS
Language of cataloging spa
Transcribing agency AR-UNSa-BCEJYS
080 ## - UNIVERSAL DECIMAL CLASSIFICATION NUMBER
Universal Decimal Classification number 371.68
Common auxiliary subdivision Material audiovisual (TIC)
020 ## - INTERNATIONAL STANDARD BOOK NUMBER
International Standard Book Number 978-92-1-121851-0
100 1# - MAIN ENTRY--PERSONAL NAME
Personal name Sunkel, Guillermo
245 10 - TITLE STATEMENT
Title La integración de las tecnologías digitales en las escuelas de América Latina y el Caribe
Name of part/section of a work una mirada multidimensional
264 #1 - PRODUCTION, PUBLICATION, DISTRIBUTION, MANUFACTURE, AND COPYRIGHT NOTICE
Place of production, publication, distribution, manufacture Santiago de Chile :
Name of producer, publisher, distributor, manufacturer CEPAL (Comisión Económica para América Latina y el Caribe)
Date of production, publication, distribution, manufacture, or copyright notice 2014
300 ## - PHYSICAL DESCRIPTION
Extent 164 p.
Dimensions 22 cm.
505 ## - FORMATTED CONTENTS NOTE
Formatted contents note 1. Políticas de TIC para el sector de la educación - 2. Acceso: la puerta de entrada al mundo digital - 3. Usos: la oportunidad real de integración en el mundo digital - 4. La política de desarrollo de contenidos mediante los portales educativos - 5. Aprender con las TIC: avanzar hacia la apropiación - 6. Gestión educativa con las TIC - 7. Matriz de análisis de las TIC en el sector de la educación
590 ## - LOCAL NOTE (RLIN)
Local note niveau_biblio:m niveau_hierar:0
700 1# - ADDED ENTRY--PERSONAL NAME
Personal name Trucco, Daniela
700 1# - ADDED ENTRY--PERSONAL NAME
Personal name Espejo, Andrés
856 41 - ELECTRONIC LOCATION AND ACCESS
Uniform Resource Identifier <a href="https://biblioeco.unsa.edu.ar/pmb/images/libros/La Integracion de la tecnologias digitales en las escuelas de America Latina y el Caribe-l119997.jpg">https://biblioeco.unsa.edu.ar/pmb/images/libros/La Integracion de la tecnologias digitales en las escuelas de America Latina y el Caribe-l119997.jpg</a>
Link text Imagen de portada
Electronic format type image/jpeg
942 ## - ADDED ENTRY ELEMENTS (KOHA)
Koha item type
Existencias
Withdrawn status Lost status Damaged status Not for loan Home library Current library Shelving location Date acquired Total checkouts Full call number Barcode Date last seen Price effective from Koha item type
        Biblioteca Prof. Eusebio Cleto del Rey Biblioteca Prof. Eusebio Cleto del Rey   07/04/2026   371.68 S957 L119997 07/04/2026 07/04/2026 Libro